| 000 | 00000nam##2200000za#4500 |
| 001 | 9.571450 |
| 003 | CaOODSP |
| 005 | 20240527135426 |
| 007 | cr ||||||||||| |
| 008 | 150406|2000||||xxc|||||o f|0| 0 eng|d |
| 040 | |aCaOODSP|beng |
| 043 | |an-cn--- |
| 086 | 1 |aCW69-15/5-2000E-PDF |
| 110 | 2 |aCanadian Wildlife Service. |
| 245 | 10|aCanadian Shorebird Conservation Plan / |h[electronic resource]|c[by] G.M. Donaldson ... [et al.]. |
| 260 | |aOttawa - Ontario : |bEnvironment Canada. |cc2000. |
| 300 | |a34p.|billus., map, references, tables, photographs |
| 490 | 1 |aSpecial publication (Canadian Wildlife Service) |
| 500 | |aThe catalogue number (CW69-15/5-2000E) and ISBN (0-662-29112-3) for the print edition have been incorrectly copied in this electronic publication. |
| 590 | |a12-04-Supp|b2012-02-20 |
| 690 | 07|aMigratory birds|2gcpds |
| 690 | 07|aWildlife management|2gcpds |
| 720 | 1 |aDonaldson, G. M. |
| 775 | 08|tPlan canadien de conservation des oiseaux de rivage / |w(CaOODSP)9.602053 |
| 830 | #0|aSpecial publication (Canadian Wildlife Service)|w(CaOODSP)9.505181 |
| 856 | 40|ahttp://publications.gc.ca|qPDF|s1.92 MB|uhttps://publications.gc.ca/collections/collection_2011/ec/CW69-15-5-2000-eng.pdf |